000 00802nam a2200289Ia 4500
001 Para_1556
003 CHAP
008 220125s1990 xx 000 0 und d
010 _a200138
040 _cCHAP
082 _aPA 635.65 S5
100 _aSingh, S.R., ed.
_9165048
245 _aInsect pests of tropical food legumes /
_c ed. by S.R. Singh
260 _aNew York :
_b John Wiley and Sons.
300 _a451 p.
650 _aCultivos tropicales
_930383
650 _aLegumbres
_x plagas
_965768
650 _aLeguminosas
_x enfermedades
_965821
650 _aLeguminosas
_x plagas
_965844
901 _aPA 635.65 S5
902 _aA
905 _a0000001990 a 0000000000 00
910 _a1990
942 _cPARA
942 _cPARA
_d1
999 _c200138
_d200138